000 01203cam a2200265 i 4500
003 SA-RiAUC
005 20260221125226.0
008 260203s1902 gz g 00010 ara c
040 _aSA-RiAUC
_bara
_cSA-RiAUC
_erda
082 0 4 _a415.1
090 _aم ن 415.1
_bا ل و
100 1 _aالآلوسي الكبير، محمود بن عبد الله الحسيني،
_d1217-1270 هجري
_eمؤلف.
245 1 0 _aحاشية شرح القطر في علم النحو لابن هشام /
_cتأليف محمود الآلوسي.
264 1 _aالقدس :
_b[الناشر غير محدد]،
_c[1902]
264 3 _a[مكان الطبع غير محدد] :
_bمطبعة جورجي حبيب.
300 _a241 صفحة ؛
_c29 سم
336 _aنص
_btxt
_2rdacontent
_3كتاب
337 _aبدون وسيط
_bn
_2rdamedia
338 _aمجلد
_bnc
_2rdacarrier
650 7 _aاللغة العربية
_xنحو
_2aucsh
700 1 2 _aابن هشام، عبد الله بن يوسف بن أحمد،
_d708-761 هجري.
_tشرح قطر الندى وبل الصدى.
740 0 2 _aشرح قطر الندى وبل الصدى.
942 _2ddc
_cRBOOK COPY
_n0
949 _aSA-JeALM
_d260203
_umohamedma123
_n1
999 _c14440
_d14440